00318nam a2200133Ia 4500008004100000041000800041082001200049100002100061245001500082250001400097260003500111300003100146365000700177240624s9999 xx 000 0 und d aeng a658 STO aSTONER JAMES A F aMANAGEMENT a(6th ed.) c2004aNew DelhibPrentice-Hall axxv, : 630 : p. : cm. ; 28 cRS